=LDR 00000nam 2200000 4500 =001 INLIS000000000035937 =005 20130612141745 =008 ***********************************IND** =035 ##$$0010-061300000035937 =041 ##$$a IND =082 ##$$a 1025 =090 ##$$a 1025, Roi h =100 ##$$a Rasyid, Roihan =245 ##$$a Hukum Acara Peradilan Agama, Oleh Roihan A. Rasyid =650 ##$$a Hukum =850 ##$$a NBPNMAT =990 ##$$a 2090100796/BPAP-NTB/2015 =990 ##$$a 2090100797/BPAP-NTB/2015